[Event "Metz op 28th"]
[Site "Metz"]
[Date "2010.04.16"]
[Round "5"]
[White "Colson, Arnaud"]
[Black "Crut, Aurelien"]
[Result "0-1"]
[WhiteElo "2135"]
[BlackElo "2302"]
[PlyCount "58"]
[EventDate "2010.04.10"]
[EventType "swiss"]
[EventRounds "9"]
[EventCountry "FRA"]
[SourceTitle "CBM 136 Extra"]
[Source "ChessBase"]
[SourceDate "2010.07.02"]
[SourceVersion "2"]
[SourceVersionDate "2010.07.15"]
[SourceQuality "1"]

1. Nf3 d5 2. c4 e6 3. g3 Nf6 4. Bg2 dxc4 5. Qc2 Nbd7 6. Na3 Bxa3 7. bxa3 c5 8. Qxc4 b6 9. Nd4 Ne5 10. Qb3 Rb8 11. Nb5 Bb7 12. Bxb7 Rxb7 13. Bb2 Qb8 14. d4 cxd4 15. Qb4 Rd7 16. Nxd4 Nd5 17. Qb5 0-0 18. f4 a6 19. Qxa6 Nc7 20. Qa4 b5 21. Qb3 Nc4 22. 0-0-0 Qb6 23. e3 Rfd8 24. a4 Qc5 25. Kb1 bxa4 26. Qxa4 Qd5 27. Qb3 Qe4+ 28. Ka1 Nxe3 29. Rhe1 Nc2+ 0-1

[Event "Metz op 28th"]
[Site "Metz"]
[Date "2010.04.16"]
[Round "3"]
[White "Maruejols, Claude"]
[Black "Crut, Aurelien"]
[Result "0-1"]
[WhiteElo "1984"]
[BlackElo "2302"]
[PlyCount "48"]
[EventDate "2010.04.10"]
[EventType "swiss"]
[EventRounds "9"]
[EventCountry "FRA"]
[SourceTitle "CBM 136 Extra"]
[Source "ChessBase"]
[SourceDate "2010.07.02"]
[SourceVersion "2"]
[SourceVersionDate "2010.07.15"]
[SourceQuality "1"]

1. d4 d5 2. c4 e6 3. Nc3 c6 4. e4 dxe4 5. Nxe4 Bb4+ 6. Bd2 Qxd4 7. Bxb4 Qxe4+ 8. Be2 Na6 9. Bd6 b6 10. Qd2 Bb7 11. 0-0-0 0-0-0 12. Nf3 c5 13. Ng5 Qg6 14. Bd3 Qf6 15. Be4 Nh6 16. Bxb7+ Kxb7 17. Ne4 Qg6 18. Qe2 f5 19. Nc3 Qe8 20. Nb5 Qc6 21. f3 Nf7 22. Qxe6 Rd7 23. Nxa7 Kxa7 24. Bb8+ Nxb8 0-1

[Event "Metz op 28th"]
[Site "Metz"]
[Date "2010.04.12"]
[Round "9"]
[White "Philippe, Christophe"]
[Black "Crut, Aurelien"]
[Result "1/2-1/2"]
[WhiteElo "2428"]
[BlackElo "2315"]
[PlyCount "53"]
[EventDate "2010.04.10"]
[EventType "swiss"]
[EventRounds "9"]
[EventCountry "FRA"]
[SourceTitle "CBM 136 Extra"]
[Source "ChessBase"]
[SourceDate "2010.07.02"]
[SourceVersion "2"]
[SourceVersionDate "2010.07.15"]
[SourceQuality "1"]

1. e4 e6 2. d4 d5 3. e5 c5 4. c3 Nc6 5. Nf3 Nge7 6. Bd3 cxd4 7. cxd4 Nf5 8. Be3 Be7 9. Nc3 0-0 10. 0-0 Nxe3 11. fxe3 f5 12. a3 Bd7 13. b4 Qe8 14. Qb3 Kh8 15. Rae1 Rc8 16. Kh1 Nd8 17. Rc1 Nf7 18. Ne2 Ng5 19. Rxc8 Qxc8 20. Rc1 Qd8 21. Nxg5 Bxg5 22. Nf4 Qb6 23. g3 Rc8 24. Rxc8+ Bxc8 25. Qc3 Bd7 26. Kg2 Bd8 27. h4 1/2-1/2

[Event "FRA-ch Accession"]
[Site "Belfort"]
[Date "2010.??.??"]
[Round "1"]
[White "Fantinel, Thibault"]
[Black "Crut, Aurelien"]
[Result "1/2-1/2"]
[WhiteElo "2209"]
[BlackElo "2314"]
[PlyCount "76"]
[EventDate "2010.08.09"]
[EventType "swiss"]
[EventRounds "11"]
[EventCountry "FRA"]
[SourceTitle "CBM 138 Extra"]
[Source "ChessBase"]
[SourceDate "2010.10.29"]
[SourceVersion "1"]
[SourceVersionDate "2010.10.29"]
[SourceQuality "1"]

1. e4 e6 2. d4 d5 3. Nc3 Bb4 4. exd5 exd5 5. Qf3 Nc6 6. Bb5 Nge7 7. Bf4 Be6 8. Nge2 Qd7 9. 0-0-0 a6 10. Bxc6 Qxc6 11. g4 0-0-0 12. a3 Bxc3 13. Nxc3 Rdf8 14. Rhg1 Ng6 15. Ne2 Qd7 16. Rd3 f6 17. Qg3 Nxf4 18. Nxf4 Bf7 19. Re3 Re8 20. Rge1 Rxe3 21. Rxe3 Re8 22. Nd3 Rxe3 23. fxe3 b6 24. g5 Bg6 25. gxf6 gxf6 26. Nf4 Qf5 27. Qh3 Qxh3 28. Nxh3 Kd7 29. Nf4 Be4 30. Kd2 Kd6 31. b3 a5 32. c4 a4 33. Kc3 axb3 34. Kxb3 Bf3 35. Kc3 c5 36. Kd3 Be4+ 37. Kc3 Bf3 38. Kd3 Be4+ 1/2-1/2